000 01188nam0a22002771 4500
001 rc\4520434
005 20130416180609.8
021 _aRU
_bРг9184-60
035 _a(NLR Aleph) 008350655
090 _a8935415
_c8935415
100 _a20130416d1960 |||y0rusy50 ca
101 0 _arus
102 _aRU
105 _ay z |||||
200 1 _aНормирование расхода режущего инструмента
_fГос. ком. Совета Министров СССР по автоматизации и машиностроению Всесоюз. науч.-исслед. инструм. ин-т. Отд. техн. информации
210 _aМосква
_cБ. и.
_d1960
215 _a30 с.
_d21
225 1 _aМатериалы Конференции инструментальщиков Западной Сибири г. Томск
300 _aОтпеч. множит. аппаратом
700 1 _aКирда
_bТ. Ф.
712 0 2 _aКонференция инструментальщиков Зап. Сибири (1960; Томск)
801 0 _aRU
_bNLR
_gpsbo
801 1 _aRU
_bELAR
_2rusmarc
852 _aNLR
_j60-4/13891
942 _cBOOK
980 _aNB